00730nam a22002177a 450000500170000001000150001702000100003203500140004203700090005608200100006510000220007524500350009726000400013227000700017230000210024265000260026365000280028994200240031799900190034195201520036020241216162809.0 aENG-143087 c60.00 aEN-126619 bDBAD a363.7 aKamala, A.975221 aGlobal Warming/cby A. Kamala, aDelhi b Vignana Prachuranaluc2008 aG. Malyadri, 162, VijayalakshminagarbNelloree524004k9440503061 a72p.c21 cm (pb) aglobal warming975222 aClimatic changes975223 cENh363.72ddcmKAM c207734d207734 001040718NFICaDBADbDBADd2024-12-16eDelivery of Books Divisiong60.00l0o363.7 KAMpEN-126619r2024-12-16 00:00:00t1v60.00w2024-12-16yEN